The history and development of the International Federation of Women's Hockey Associations /

Bibliographic Details
Main Author: Shaner, Janet Petrilla
Format: Thesis Microform Book
Language:English
Published: [Place of publication not identified] : [publisher not identified] ; 1975.
Subjects:

MARC

Tag First Indicator Second Indicator Subfields
LEADER 00000cam a2200000 a 4500
001 in00000083196
005 20151008055621.0
007 he bm----b---
008 771020r19771975oru bb 00010 eng d
035 |a (OCoLC)03357355 
035 |9 AAJ3933AM 
040 |a Univ. of Oregon Library  |c AKP  |d OCL  |d TXA  |d UtOrBLW 
049 |a TXAI 
092 |a 796.355 
099 |a fiche  |a C  |a 913 
100 1 |a Shaner, Janet Petrilla. 
245 1 4 |a The history and development of the International Federation of Women's Hockey Associations /  |c by Janet Petrilla Shaner. 
264 1 |a [Place of publication not identified] :  |b [publisher not identified] ;  |c 1975. 
300 |a iii, 206 leaves. 
336 |a text  |b txt  |2 rdacontent 
337 |a microform  |b h  |2 rdamedia 
338 |a microfiche  |b he  |2 rdacarrier 
502 |b M.S.  |c Smith College  |d 1975. 
504 |a Bibliography: leaves 133-144. 
533 |a Microfiche.  |b Eugene, Or. :  |c Microform Publications, College of Health, Education and Recreation, University of Oregon,  |d 1977.  |e 3 microfiches : negative ; 11 x 15 cm. 
500 |a Microform. 
610 2 0 |a International Federation of Women's Hockey Associations  |x History. 
650 0 |a Field hockey. 
999 |a MARS 
999 f f |s eb3d2ef0-f0fb-36b7-b0e9-341cdc81e8e7  |i 6ea7ec6d-c91b-330c-ae6f-e608a3c135df  |t 0 
952 f f |p normal  |a Texas A&M University  |b College Station  |c Sterling C. Evans Library  |d Evans: Microforms (3rd floor)  |t 0  |e fiche C 913  |h Other scheme  |i microform -- microfiche  |m A14820702881 
998 f f |a fiche C 913  |t 0  |l Evans: Microforms (3rd floor)